Statistics for FIFA 21 Soundtrack

Click here to take the quiz!

General Stats

  • This quiz has been taken 24 times
  • The average score is 14 of 42

Answer Stats

ArtistSong% Correct
Glass AnimalsH{eat} {Waves}
88%
Dua Lipa (The Blessed Madonna Remix)L{ove} {Is} {Religion}
88%
070 ShakeM{orrow}
63%
KAWALAT{icket} {To} {Ride}
56%
Alfie TemplemanW{ish} {I} {Was} {Younger}
56%
Tame ImpalaI{s} {It} {True}
50%
CelesteS{top} {This} {Flame}
50%
Louis The Child, EARTHGANG and MNDRB{ig} {Love}
44%
Mike SabathG{ood} {Energy}
44%
LARRY PINK THE HUMANM{IGHT} {DELETE} {LATER}
44%
Chløë BlackS{acrifice}
44%
Royal BloodT{rouble's} {Coming}
44%
Still WoozyW{indow}
44%
Carlos Sadness, Bomba EstéreoA{loha}
38%
JoesefD{oes} {It} {Make} {You} {Feel} {Good}?
38%
AitchM{ICE}
38%
Madame GandhiB{ad} {Habits}
31%
LeymaB{een} {A} {Minute}
31%
LA PriestB{eginning}
31%
De LuxC{ool} {Up}
31%
Low IslandD{on't} {Let} {The} {Light} {In}
31%
박혜진 Park Hye JinL{ike} {This}
31%
Anitta, Myke Towers, Cardi BM{e} {Gusta}
31%
Dylan FraserV{ipers}
31%
NaïkaW{ater}
31%
Oscar LangA{pple} {Juice}
25%
tha Supreme feat. Dani Faivn{o14}
25%
Trooko, Diogo PiçarraN{o} {Es} {Mi} {Culpa}
25%
Fireboy DMLS{catter}
25%
Oliver MalcolmS{witched} {Up}
25%
The SnutsT{hat's} {All} {It} {Is}
25%
Nia WynW{ho} {Asked} {You}
25%
Domino SaintsB{UYA}
19%
Biig PiigD{on't} {Turn} {Around}
19%
ICEKIIDE{rruDumEllaHvad}
19%
Steam Down, Afronaut ZuE{tcetera}
19%
Priya RaguG{ood} {Love} {2}.{0}
19%
ZaiaS{HADE}
19%
Everything Is Recorded feat. Infinite Coles, BERWYN0{1}:{32} {AM} / {WALK} {ALONE}
13%
PeelC{itizen} {X}
13%
Buju BantonU{nity}
13%
NnenaW{ork} {It} {Out}
13%

Score Distribution

Percentile by Number Answered

Percent of People with Each Score

Your Score History

You have not taken this quiz